| 000 -LEADER |
| fixed length control field |
00604cam a2200193 a 4500 |
| 020 ## - INTERNATIONAL STANDARD BOOK NUMBER |
| ISBN |
080182916X : |
| 020 ## - INTERNATIONAL STANDARD BOOK NUMBER |
| ISBN |
0801829178 (pbk.) : |
| 040 ## - CATALOGING SOURCE |
| Transcribing agency |
DLC |
| 082 00 - DEWEY DECIMAL CLASSIFICATION NUMBER |
| Classification number |
333 RES 1982 A079 Or. |
| 245 00 - TITLE STATEMENT |
| Title |
Current issues in natural resource policy / |
| 260 ## - PUBLICATION, DISTRIBUTION, ETC. (IMPRINT) |
| Place of publication |
Washington, D.C. : |
| Name of publisher |
Resources for the Future ; |
| Place of publication |
Baltimore : |
| Name of publisher |
Distributed by the Johns Hopkins University Press, |
| Year of publication |
c1982. |
| 300 ## - PHYSICAL DESCRIPTION |
| Number of Pages |
xiii, 300 p. ; |
| Dimensions |
24 cm. |
| 650 #0 - SUBJECT ADDED ENTRY--TOPICAL TERM |
| Topical Term |
Natural resources |
| 700 1# - ADDED ENTRY--PERSONAL NAME |
| Personal name |
Portney, Paul R. |
| 700 1# - ADDED ENTRY--PERSONAL NAME |
| Personal name |
Haas, Ruth B. |
| 700 1# - ADDED ENTRY--PERSONAL NAME |
| Personal name |
Anderson, Lee G. |
| 710 2# - ADDED ENTRY--CORPORATE NAME |
| Corporate name or jurisdiction name as entry element |
Resources for the Future. |
| 942 ## - ADDED ENTRY ELEMENTS (KOHA) |
| Koha item type |
សៀវភៅភាសាអង់គ្លេស |
| 952 ## - LOCATION AND ITEM INFORMATION (KOHA) |
| Withdrawn status [LOCAL, KOHA] |
0 |